হারামনণ / (Record no. 4059)
[ view plain ]
| 000 -LEADER | |
|---|---|
| fixed length control field | 00685nam a2200217 a 4500 |
| 001 - CONTROL NUMBER | |
| JCCL Control Number | 4059 |
| 003 - CONTROL NUMBER IDENTIFIER | |
| JCCL marc code | BD-JhCC |
| 005 - DATE AND TIME OF LATEST TRANSACTION | |
| control field | 20171123120733.0 |
| 008 - FIXED-LENGTH DATA ELEMENTS--GENERAL INFORMATION | |
| fixed length control field | 171122s1984 bg |||| ||a| 000 0 ben d |
| 035 ## - SYSTEM CONTROL NUMBER | |
| system control number | (BD-JhCC)4059 |
| 040 ## - CATALOGING SOURCE | |
| Original cataloging agency | BD-JhCC |
| Modifying agency | BD-JhCC |
| 041 ## - LANGUAGE CODE | |
| Language code of Book | ben |
| 082 ## - DEWEY DECIMAL CLASSIFICATION NUMBER | |
| Classification number | 784.4 |
| Author mark and Year | HAR 1984 |
| 245 ## - TITLE STATEMENT | |
| Title | হারামনণ / |
| Statement of responsibility, etc | মুহম্মদ মনসুর উদ্দীন (সম্পা.) |
| 260 ## - PUBLICATION, DISTRIBUTION, ETC. (IMPRINT) | |
| Place of publication, distribution, etc | ঢাকা : |
| Name of publisher, distributor, etc | বাংলা একাডমী, |
| Date of publication, distribution, etc | ১৯৮৪. |
| 300 ## - PHYSICAL DESCRIPTION | |
| Pagination | 248 p . : |
| Dimensions | 21 cm. |
| 650 ## - SUBJECT ADDED ENTRY--TOPICAL TERM | |
| Topical term or geographic name as entry element | Collectiuons Of Floksongs |
| 700 ## - ADDED ENTRY--PERSONAL NAME | |
| Personal name | উদ্দীন, মুহম্মদ মনসুর |
| 942 ## - ADDED ENTRY ELEMENTS (KOHA) | |
| Source of classification or shelving scheme | Dewey Decimal Classification |
| Koha item type | Books |
| Source of classification or shelving scheme | Damaged status | Not for loan | Home library | Current library | Shelving location | Date of accession | Cost, normal purchase price | Total Checkouts | Full call number | Barcode | Date last seen | Copy number | Koha item type |
|---|---|---|---|---|---|---|---|---|---|---|---|---|---|
| Dewey Decimal Classification | JCC Rouf Library | JCC Rouf Library | General Stacks | 11/22/2017 | 45.00 | 784.4 HAR 1984 | 5517 | 11/22/2017 | C-1 | Books |